00759nam a2200229 a 450000100100000000500170001000800410002702000150006804000250008308200250010810000300013324500830016325000120024626000260025830000340028450000490031850400320036765000310039965000300043065000280046065000410048800000741520250701135406.0090908s2006 dr d 000 0 spa d z9993478229 aDO-SdBNPbspacBNPHU a658.404bM181f, 20061 aMadé Serrano, Nicolás10aFormulación, evaluación y gerencia de proyectos /cNicolas Madé Serrano. a2ª ed. aSanto Domingo,c2006. a345 p. :bgráfic. ;c23 cm. aIncluye glosario de términos de proyectos. aBibliografía: p. 335-345. 4aElaboración de proyectos 4aEvaluación de proyectos 4aDesarrollo experimental 0aProyectos de desarrollo económico